Open Data Biblioteca Nacional de Portugal


República Portuguesa: Ministério da Cultura
Biblioteca Nacional de Portugal

Catálogo da BNP: acesso por Identificadores Unívocos
Registos Bibliográficos associados ao registo de autoridade

Etiqueta de registo: 00000nkm 2200025 450
001 2266476
003 http://id.bnportugal.gov.pt/bib/catbnp/2266476
100 ## $a20260213f1994 m y0pory01030103ba
101 0# $apor
102 ## $aPT
200 1# $aVI concurso europeu para jovens cientistas, V concurso europeu para jovens investigadores na área do ambiente$bVisual gráfico]$fFundação da Juventude$gdesign Rui Guimarães
210 #9 $a[Lisboa]$cFundação da Juventude,$d[1994]$ePorto :$gOrgal)
215 ## $a1 cartaz$ccolor.$d68,1x48 cm
306 ## $aDatação atribuída em conformidade com o acontecimento anunciado
317 ## $aColeção Madeira Luís
675 ## $a766(=1:469)"199"(084.5)$vBN$zpor$3589138
702 #1 $aGuimarães,$bRui,$f1963-$3285543
710 01 $aConcurso Europeu para Jovens Cientistas,$d6,$f[1994]$31993713
711 01 $aConcurso Europeu para Jovens Investigadores na Área do Ambiente,$d5,$f[1994]$31993714
712 02 $aFundação da Juventude$3189243
801 #0 $aPT$bBN$gRPC
966 ## $lBN$mICONOG$sCT. 20965 A.$x3
971 ## $cCaticonografia6$d20260213
995 ## $aPRR2026 $d20260213$iCaticonografia6

OpendataBNP@bnportugal.pt | Mais informação sobre acesso aos dados BNP